[Event "Stare Mesto op"]
[Site "Stare Mesto"]
[Date "2018.08.21"]
[Round "4"]
[White "Stalmach, Richard"]
[Black "Zavodsky, Jiri"]
[Result "1/2-1/2"]
[WhiteElo "1996"]
[BlackElo "1746"]
[PlyCount "132"]
[EventDate "2018.08.18"]
[EventType "swiss"]
[EventRounds "9"]
[EventCountry "CZE"]
[SourceTitle "CBM 186 Extra"]
[Source "ChessBase"]
[SourceDate "2018.08.24"]
[SourceVersion "1"]
[SourceVersionDate "2018.08.24"]
[SourceQuality "1"]

1. d4 d5 2. c4 e6 3. Nc3 Nf6 4. Nf3 Nbd7 5. Bg5 Be7 6. e3 0-0 7. Rc1 c6 8. Bd3 dxc4 9. Bxc4 Nd5 10. Bxe7 Qxe7 11. 0-0 Nxc3 12. Rxc3 e5 13. Qc2 e4 14. Nd2 Nf6 15. f3 exf3 16. Nxf3 Ne4 17. Rb3 Nd6 18. Ne5 Nxc4 19. Nxc4 Be6 20. Rc3 Bxc4 21. Rxc4 Qxe3+ 22. Kh1 Rad8 23. Rb4 Rd7 24. Qf5 Qe7 25. a3 Rd5 26. Qf2 Re8 27. Rb3 f6 28. Rg3 Rd6 29. Qf4 Re6 30. h3 Re4 31. Qxf6 Qxf6 32. Rxf6 Rxd4 33. Rf2 Rde4 34. Rd3 h6 35. Rdd2 Rf8 36. Rxf8+ Kxf8 37. Kg1 Ke7 38. Kf2 c5 39. Kf3 Re6 40. Kf4 b6 41. Kf5 g6+ 42. Kf4 a6 43. Kf3 g5 44. g3 Re5 45. h4 c4 46. hxg5 hxg5 47. Rc2 b5 48. Rd2 a5 49. Rd4 Ke6 50. Rd8 b4 51. axb4 axb4 52. b3 c3 53. Rc8 Kd6 54. Rd8+ Kc5 55. Kf2 Rd5 56. Rc8+ Kd4 57. Ke2 Rc5 58. Rd8+ Ke4 59. Re8+ Kf5 60. Kd1 Rd5+ 61. Kc1 Rd4 62. Rc8 Rg4 63. Rb8 Re4 64. Rb7 Kg4 65. Rb5 Re1+ 66. Kc2 Re3 1/2-1/2